| 000 | 01397cam a22002054a 4500 | ||
|---|---|---|---|
| 005 | 20250605164020.0 | ||
| 008 | 250528s ||||||||||||||||||||||||d | ||
| 035 | _a16320 | ||
| 020 | _a521299551 | ||
| 040 |
_aGR-AtMCL _bgre _dGR-AtMCL _eAACR2 |
||
| 245 | 1 | _aThe Printing Press as an Agent of Change / Communications and Cultural Transformations in Early-Modern Europe Volumew I and II | |
| 250 | _aI & II | ||
| 260 |
_bCambridge University Press, _c1979 |
||
| 300 | _a794 | ||
| 520 | _aAn extensive survey of the recent literature on the three intellectual and social movements of the period 1400-1700. Preface, Introduction to an Elusive Transformation, The Unacknowledged Revolution, Defining the Initial Shift; Some Features of Print Culture, Classical and Christian Traditions Reoriented; Renaissance and Reformation Reapraised, A Classical Revival Reoriented; The Two Phases of the Renaissance, The Scriptural Tradition Recast: Resetting the Stage for the Reformation, The Book of Nature Transformed, Introduction; Problems of Periodization, Technical Literature Goes to Press: Some New Trends in Scientific Writing and Research, Resetting the Stage for the Copernican Revolution, Sponsorship and Censorship of Scientific Publication, Scripture and Nature Transformed, Index. | ||
| 700 | 1 |
_aEisenstein Elisabeth L _92398 |
|
| 942 | _cBK | ||
| 999 |
_c1832 _d1832 |
||